| 000 | 00333nam a2200133Ia 4500 | ||
|---|---|---|---|
| 008 | 191201s2013 xx 000 0 und d | ||
| 082 |
_a006.6 _bNEP |
||
| 100 | _aNEWMAN, William | ||
| 245 | 0 | _aPrinciples of Interactive Computer Graphics | |
| 260 |
_aN. Delhi _bTMH _c2013 |
||
| 300 | _a541 | ||
| 650 | _aB.Tech(CSE) | ||
| 942 |
_2ddc _cBK |
||
| 999 |
_c6015 _d6015 |
||